[Event "Osasco Franca Garcia Memorial 20th"]
[Site "Osasco"]
[Date "2004.07.03"]
[Round "3"]
[White "Lima, Darcy Gustavo Macha"]
[Black "Zambrana, Oswaldo"]
[Result "1/2-1/2"]
[WhiteElo "2542"]
[BlackElo "2472"]
[Annotator "Huzman,A"]
[PlyCount "106"]
[EventDate "2004.07.01"]
[EventType "tourn"]
[EventRounds "9"]
[EventCountry "BRA"]
[EventCategory "9"]
[SourceTitle "CBM 103"]
[Source "ChessBase"]
[SourceDate "2004.11.11"]
[SourceVersion "1"]
[SourceVersionDate "2004.11.11"]
[SourceQuality "1"]

1. d4 (1. Nf3 d5 2. c4 c6 3. e3 Nf6 4. Nc3 e6 5. d4 a6 6. Bd3 dxc4 7. Bxc4 b5
8. Bb3 c5 9. O-O Bb7 10. Qe2 Be7 11. dxc5 Nbd7 12. Rd1 Qc7 13. e4 Bxc5 14. e5
Ng4 15. Ne4 Ngxe5 16. Bf4 Nxf3+ 17. Qxf3 Qc6 18. Rxd7 Qxd7 19. Nxc5 Bxf3 20.
Nxd7 Kxd7 21. gxf3 Rhc8 22. a4 f6 23. a5 Rc6 24. Rd1+ Ke7 25. Bd2 Rd8 26. Bb4+
Ke8 27. Re1 $14 {1-0 Panchenko,A-Vorotnikov,V/Leningrad 1984/EXT 99 (57)}) 1...
d5 2. c4 dxc4 3. e3 Nf6 4. Bxc4 e6 5. Nf3 c5 6. O-O a6 7. Nc3 b5 8. Bb3 Bb7 9.
Qe2 Be7 10. Rd1 Qc7 11. dxc5 (11. e4 cxd4 (11... b4 $6 12. e5 $1 bxc3 13. exf6
Bxf6 14. d5 $1 O-O 15. dxe6 fxe6 $2 16. bxc3 $16 {1-0 Georgiev,K-Dlugy,M/
Moscow 1994/CBM 41/[Georgiev,Ki] (20)}) (11... c4 $142 12. Bc2 Nbd7 13. Bg5 $13
) (11... O-O 12. e5 Nfd7 13. d5 exd5 14. Nxd5 Bxd5 15. Bxd5 Nc6 16. e6 $18 {
1-0 Bacrot,E-Perrusset,B/Aubervilliers 2002/CBM 86 ext (22)}) 12. Nxd4 Nc6 (
12... O-O 13. e5 Nfd7 14. Bf4 {1/2-1/2 Helmers,K-Balashov,Y/Helsinki 1984/MCL 
(52)}) 13. Bg5 O-O 14. Rac1 Nxd4 15. Rxd4 Qe5 16. Be3 Bc5 17. Rd3 Bxe3 18. Rxe3
Rad8 19. Bc2 Rd7 20. f3 Rfd8 $15 {1/2-1/2 Oestreich,R-Beerheide,W/Lippstadt
1959/EXT 2003 (30)}) (11. Bd2 O-O 12. dxc5 Nbd7 13. h3 Nxc5 14. Bc2 Nce4 15.
Be1 Rfd8 16. Rxd8+ Rxd8 17. Rd1 Rc8 18. Bb1 h6 $15 {1/2-1/2 Schumacher,O-Meyer,
I/Hillscheid 1994/EXT 2000 (32)}) (11. h3 O-O 12. dxc5 Nbd7 13. Bd2 {1/2-1/2
Gutow,A-Pereboev,C/Novokuznetsk 2001/CBM 85 ext (13)}) 11... Nbd7 (11... Bxc5
12. Bd2 O-O 13. Rac1 Qe7 14. h3 Nbd7 15. e4 Rfd8 16. Bg5 h6 17. Bh4 g5 18. Nxg5
hxg5 19. Bxg5 $44 {1/2-1/2 Moran,P-Jario Garcia,R/Zaragoza 1993/EXT 98 (29)})
12. e4 (12. Bd2 Nxc5 13. Bc2 O-O 14. Rac1 Qb6 (14... Rac8 15. Bb1 Qb8 16. Nd4
b4 {0-1 Richter,C-Aronian,L2004/CBM 99 ext (16)}) 15. a3 {1/2-1/2 Peter,
A-Almasi,I/Budapest 1995/CBM 46 ext (15)}) (12. a3 Nxc5 13. Bc2 O-O 14. e4 Rfd8
15. Bg5 e5 16. Bxf6 Bxf6 17. Rac1 Rxd1+ 18. Rxd1 Rc8 $11 {1/2-1/2 Cmilyte,
V-Danielian,E/Minsk 2001/EXT 2003 (28)}) 12... Nxc5 13. e5 (13. Bc2 b4 14. e5
bxc3 15. exf6 Bxf6 16. bxc3 O-O $15) 13... Nfd7 (13... Nxb3 14. exf6 Nxa1 15.
fxe7 b4 16. Ne4 Bd5 17. Bg5 f5 18. Rc1 Qb8 19. Nc5 $18) 14. Bc2 b4 (14... Rc8
15. Bf4 Bxf3 16. Qxf3 g5 $5 (16... Nxe5 17. Qg3 Bf6 18. Rac1 $44 O-O $140 19.
b4 Ncd7 20. Ne4 $16 {[%cal Gc1c7,Gg3c7]}) 17. Bg3 (17. Be3 Nxe5 18. Qe2 Ncd7
19. Rac1 $44) 17... h5 18. h3 (18. Nd5 Qc6 (18... exd5 19. e6 Ne5 20. exf7+ Kf8
21. Qxd5 Bf6 22. Re1 Rd8 23. Bxe5 Rxd5 24. Bxc7 Kxf7 25. Rad1 $14) 19. Nxe7
Qxf3 20. gxf3 Kxe7 21. h4 $13) 18... Nxe5 19. Qe2 Bf6 20. Rac1 $44) (14... O-O
$2 15. b4 $16) 15. Na4 Rc8 (15... O-O $5) 16. Nxc5 Nxc5 17. Nd4 {[%cal Ge2g4]}
O-O 18. Bf4 Rfd8 19. h4 Bd5 (19... Rd5 $5 20. h5 Rcd8 21. Qe3 Qd7 22. Nf3 Nd3
$15) 20. h5 Qb7 21. h6 g6 22. Qg4 Be4 23. Bb3 $5 (23. Rac1 Bxc2 24. Rxc2 Rd5
25. Qf3 $11) 23... Nxb3 24. axb3 Rd7 25. Bg5 Bf8 26. Rd2 Rc5 $2 (26... Rdc7 27.
Rad1 Rc1 $15) 27. Nxe6 $1 fxe6 (27... Rxe5 28. Nd8 $1 $18) 28. Rxd7 Qxd7 29.
Qxe4 Qd5 (29... a5 30. f4 Rd5 31. Kh2 $14) 30. Qxd5 Rxd5 31. f4 a5 32. Rc1 (32.
g4 Kf7 33. Kf1 $14) 32... Bc5+ (32... Rd2 33. f5 $1 Re2 34. fxg6 Rxe5 35. Rc8
$1 Rxg5 (35... hxg6 36. Be7 Rf5 37. Bxf8 Rxf8 38. h7+ $18) 36. Rxf8+ $1 Kxf8
37. gxh7 $18) 33. Kf1 Kf7 34. Ke2 Ke8 35. g4 Kd7 36. Bf6 Bb6 37. Rc2 Bc5 38.
Rc1 Bb6 39. Rf1 Rd4 40. Rf3 Kc6 41. f5 exf5 42. gxf5 Re4+ 43. Kd3 gxf5 44. Rxf5
Re3+ 45. Kd2 (45. Kc2 Re2+ 46. Kc1 Kd5 $11) 45... Kd5 46. Bd8 (46. Bg7 $142 Rh3
47. e6+ Kd6 48. Re5 Bd8 $14) 46... Bd4 $11 47. e6+ (47. Rf7 Rxb3 48. Rd7+ Kxe5
49. Bxa5 $11) 47... Kxe6 48. Rf4 Bc5 49. Rf6+ Kd7 50. Bxa5 Rxb3 51. Rf7+ Ke6
52. Rxh7 Rxb2+ 53. Kd3 Rh2 1/2-1/2

[Event "RUS-Cup Final"]
[Site "Sochi"]
[Date "1997.09.18"]
[Round "2"]
[White "Aleksandrov, Aleksej"]
[Black "Yakovich, Yuri"]
[Result "1-0"]
[WhiteElo "2660"]
[BlackElo "2610"]
[Annotator "Huzman,A"]
[PlyCount "65"]
[EventDate "1997.09.17"]
[EventType "tourn"]
[EventRounds "11"]
[EventCountry "RUS"]
[EventCategory "13"]
[SourceTitle "CBM 062"]
[Source "ChessBase"]
[SourceDate "1998.01.31"]
[SourceVersion "1"]
[SourceVersionDate "1998.01.31"]
[SourceQuality "1"]

1. d4 d5 2. c4 dxc4 3. Nf3 a6 4. e3 e6 5. Bxc4 c5 6. O-O Nf6 7. Bb3 Nc6 8. Qe2
cxd4 9. Rd1 Be7 10. exd4 Na5 11. Bc2 b5 12. Nc3 Bb7 13. Ne4 {[%cal Ge4c5]} (13.
Ne5 Rc8 14. a3 O-O 15. Rd3 Nc4 16. Rg3 Qxd4 17. Bh6 Nxe5 18. Rxg7+ Kh8 19. Rd1
Qc5 20. Rd5 Bxd5 21. Qxe5 Be4 {0-1 Illescas Cordoba,M-Anand,V/Leon m 1997/CBM
60/[Huzman]}) (13. Bg5 O-O 14. Bxf6 (14. Rac1 Rc8 15. Bb1 Nc4 16. Ne5 Nb6 17.
Qd3 g6 18. Bh6 Re8 19. Qh3 Nc4 20. Nxc4 Rxc4 21. Ne2 Qb6 {1/2-1/2 Botvinnik,
M-Petrosian,T/Wch25 1963/MAINB}) 14... Bxf6 15. Be4 {1/2-1/2 Hoffman,A-Sorokin,
M/Clarin GP-f 1997/CBM 58}) 13... Nxe4 14. Bxe4 O-O (14... Bxe4 15. Qxe4 O-O
16. d5 $36) (14... Bd5 15. Ne5 (15. Bf4 $5 {[%cal Ga1c1]}) 15... O-O (15... Rc8
16. Qh5 g6 17. Qf3 (17. Bxg6 fxg6 18. Nxg6 hxg6 19. Qxh8+ Kd7 20. Qg7 Qh8 $15)
17... O-O (17... f6 18. Nd3 $14 {[%csl Re6,Rf6]}) 18. Bh6 Bxe4 19. Qxe4 Re8 20.
d5 Bd6 21. Qd4 $36) 16. Bxh7+ $5 Kxh7 17. Rd3 Kg8 18. Qh5 Bxg2 (18... f6 19.
Ng4 Qe8 20. Nh6+ Kh7 21. Nf7+ Kg8 22. Rh3 $40) 19. d5 $1 Qxd5 $5 (19... Bd6 20.
Kxg2 Bxe5 21. Qxe5 Nc4 22. Qh5 $40) 20. Rxd5 Bxd5 $44 {[%csl Ge5][%cal Ya5c4,
Ya5c6]}) 15. Bf4 (15. Bxb7 Nxb7 16. Bf4 Qd5 $11 {[%csl Yd5]}) 15... Bxe4 (15...
Rc8 $5 $11) 16. Qxe4 Nc4 {[%csl Rd5][%cal Yc4b2,Yc4b6,Yb6d5]} 17. d5 $8 (17. b3
Nb6 $15) 17... Nxb2 (17... Bf6 $5 18. dxe6 Qe7 $1 19. exf7+ Qxf7 $44) 18. Re1
Bf6 (18... Rc8 $5 19. Rac1 $1 (19. dxe6 Rc4 $1 20. Qe3 Bc5 $17) 19... Rxc1 20.
Bxc1 Na4 21. dxe6 Nc5 22. exf7+ Rxf7 $11) 19. dxe6 Qe7 $2 {The black overlook
the combination of the white.} (19... fxe6 $142 20. Qxe6+ Kh8 21. Ne5 Qe8 22.
Qb3 Nc4 23. Nxc4 bxc4 24. Qxc4 Bxa1 25. Rxe8 Rfxe8 $11) 20. Ng5 $1 Bxg5 21.
Bxg5 Qxe6 (21... Qxg5 $2 22. exf7+ Kh8 23. Qxa8 $18) (21... f6 22. Bf4 $16 {
[%csl Ge6]}) 22. Qd4 $1 Qg6 23. Be7 $18 Nc4 24. Bxf8 Rxf8 25. a4 $1 h6 26. Qc5
Nb2 {[%cal Yb2d3,Yb2a4]} 27. Rac1 $1 Qg4 (27... Nd3 $140 28. Qxf8+ Kxf8 29.
Rc8#) (27... Rd8 28. Qe7 Rd2 29. axb5 axb5 30. Re2 $18) 28. Qd6 Rc8 (28... Nxa4
29. h3 Qf5 30. g4 $18) 29. axb5 axb5 30. Rxc8+ Qxc8 31. Qe5 Qc2 32. Qxb5 Nd3
33. Re8+ 1-0

[Event "Rubinstein Memorial 34th"]
[Site "Polanica Zdroj"]
[Date "1997.08.26"]
[Round "7"]
[White "Gelfand, Boris"]
[Black "Rublevsky, Sergei"]
[Result "1/2-1/2"]
[WhiteElo "2695"]
[BlackElo "2650"]
[Annotator "Huzman,A"]
[PlyCount "39"]
[EventDate "1997.08.19"]
[EventType "tourn"]
[EventRounds "11"]
[EventCountry "POL"]
[EventCategory "16"]
[SourceTitle "CBM 061"]
[Source "ChessBase"]
[SourceDate "1997.11.23"]
[SourceVersion "1"]
[SourceVersionDate "1997.11.23"]
[SourceQuality "1"]

1. d4 d5 2. Nf3 e6 3. c4 dxc4 4. e3 c5 5. Bxc4 a6 6. O-O Nf6 7. Bd3 Nbd7 8. Re1
b5 (8... cxd4 9. exd4 Be7 10. Nc3 b5 11. d5 Nc5 12. Ne5 Bb7 13. dxe6 Nxe6 14.
Be3 {1/2-1/2 Lukacs,P-Volzhin,A/Budapest FS12 GM 1994/EXP 45}) (8... Be7 9. e4
cxd4 10. e5 Nd5 11. Bc4 Nc5 12. Nxd4 O-O 13. a3 (13. b3 Qd7 14. Bxd5 Qxd5 15.
Nc3 Qd8 16. Be3 Qa5 17. Qc2 Nd7 18. Bf4 Rd8 19. a3 Qc5 20. Red1 Nf8 21. Qd2 b5
22. Ne4 Qd5 23. Bg5 Ng6 24. Bxe7 Nxe7 25. Qg5 Ng6 26. Nc3 h6 27. Qxg6 fxg6 {
Gelfand,B-Lautier,J/Belgrade Invest 1995/CBM 51/[Gelfand]/1-0 (82)}) 13... b5
14. Nc6 Qc7 15. Bxd5 exd5 16. Nd4 Ne6 17. Nc3 Bb7 18. Qg4 Nxd4 19. Qxd4 Bc5 20.
Qf4 Rfe8 21. Bd2 d4 22. Ne4 Qxe5 23. Qxe5 {Gelfand,B-Salov,V/Dos Hermanas 1995/
CBM 47/1/2-1/2 (42)}) (8... g6 9. e4 cxd4 10. e5 Nd5 11. Be4 Nc5 12. Qxd4 Nxe4
13. Qxe4 Bd7 14. Bg5 Be7 15. Bxe7 Qxe7 16. Nd4 Rc8 17. a3 Qg5 18. Nc3 Nxc3 19.
bxc3 Bc6 20. Nxc6 Rxc6 21. Rab1 O-O 22. Rxb7 Rxc3 23. a4 Rfc8 24. g3 Qd2 25.
Rf1 Qc2 26. Qf4 R3c7 27. Rxc7 Rxc7 28. Qd4 Rc8 29. Rd1 {1/2-1/2 Tyomkin,
D-Gofshtein,L/Czerniak-mem Bikurei Haitim 1997/CBM 59}) 9. a4 bxa4 $1 (9... b4
10. Nbd2 $36 {[%csl Rc4][%cal Gd2c4,Ge3e5]}) 10. e4 $1 {[%cal Gd4d5]} (10. Nc3
a3 $5 (10... Bb7 11. Rxa4 Be7 $11) 11. bxa3 Be7 $11) (10. Qxa4 Bb7 11. Nbd2 Be7
$11) 10... cxd4 11. e5 Nd5 12. Rxa4 {[%cal Ga4d4,Gd4g4,Gd4h4,Gg4g7,Gh4h7]} Bb4
$1 (12... Nc5 13. Bb5+ Bd7 14. Bxd7+ Qxd7 15. Rxd4 $36 {[%cal Gd4d7,Gd4g4,
Gb1c3]}) 13. Bd2 Bxd2 $1 (13... Qb6 14. Be4 $1 Rb8 15. Bxd5 Bxd2 16. Qxd2 exd5
17. Rxd4 $40 {[%cal Gb1c3,Gd4g4,Gd2g5]}) 14. Nbxd2 Nc5 15. Bb5+ (15. Rxd4 $5
Nxd3 16. Rxd3 O-O 17. Ne4 Rb8 $11) 15... Bd7 16. Bxd7+ Nxd7 17. Rxd4 O-O $11 {
[%csl Yd5]} 18. Nc4 (18. Ne4 Rb8 $132) 18... Rb8 19. Qd2 Rb4 20. h3 1/2-1/2

[Event "RUS-ch m1-2"]
[Site "Elista"]
[Date "1997.05.22"]
[Round "2.1"]
[White "Shcherbakov, Ruslan"]
[Black "Vaulin, Alexander"]
[Result "1/2-1/2"]
[WhiteElo "2580"]
[BlackElo "2490"]
[Annotator "Huzman,A"]
[PlyCount "67"]
[EventDate "1997.05.19"]
[EventType "k.o."]
[EventRounds "6"]
[EventCountry "RUS"]
[SourceTitle "CBM 059"]
[Source "ChessBase"]
[SourceDate "1997.08.01"]
[SourceVersion "1"]
[SourceVersionDate "1997.08.01"]
[SourceQuality "1"]

1. d4 d5 2. c4 dxc4 3. Nf3 a6 4. e3 e6 5. Bxc4 c5 6. O-O Nf6 7. Bb3 Nbd7 8. e4
Nxe4 9. Re1 Ndf6 (9... Nef6 10. d5 Nb6 11. dxe6 Bxe6 12. Bxe6 Qxd1 13. Bxf7+
$14) 10. Bc2 (10. Qc2 $5 b5 $1 (10... cxd4 11. Rxe4 d3 12. Qc4 b5 13. Qd4 Nxe4
14. Qxe4 $16) 11. Rxe4 c4 12. Bxc4 bxc4 13. Re1 Bb7 14. Qxc4 Bxf3 15. gxf3 Be7
{<~~}) 10... Nd6 11. dxc5 Nb5 12. Qxd8+ Kxd8 13. a4 Na7 14. Ne5 Ke8 15. Nd3 (
15. b4 a5 (15... Nd5 16. Ba3 $14) 16. b5 $5 Bxc5 17. Ba3 Bxa3 (17... Bd4 18.
Ra2 $44 {[%cal Ga3f8,Ye5c4,Yc4d6]}) (17... Bb4 18. Bxb4 axb4 19. Nd2 {[%csl
Yb4][%cal Rd2c4]}) 18. Nxa3 $44 {[%cal Ya3c4,Yc4d6,Yc4a5,Yc4b6]}) 15... Nc6 16.
Nc3 (16. b4 $5 $16) 16... Nd4 17. Bd1 Bd7 18. b4 Bc6 19. Bb2 (19. Ne5 Rd8 20.
Be3) 19... Rd8 20. Ne5 Nd7 21. Nc4 (21. Nxc6 Nxc6 22. Na2 (22. Bh5 $5 Nf6 23.
Rxe6+ Be7 24. Rxc6 bxc6 25. Bf3 Kd7 26. Ne2 $44 (26. b5 Bxc5 27. Bxc6+ Kc7 $17)
) 22... a5 23. b5 Ncb8 24. c6 bxc6 25. Bc3 $1 $14) 21... b6 22. b5 axb5 23.
axb5 Nxb5 24. Ba4 (24. Bf3 Nd4) (24. Bh5 Nd4) (24. cxb6 $5 Nxc3 25. Bxc3 Bd5
26. Ne3 $36 Nxb6 $140 $2 27. Ba5 Bc5 28. Rb1 $18) 24... Nd4 25. Bxc6 Nxc6 26.
cxb6 Rb8 27. Na4 h5 28. h4 Rh6 29. Rac1 Rg6 30. Nd6+ (30. f3 $5 {[%csl Rg6]}
Nc5 31. Ne5 Nxa4 32. Rxc6 Nxb2 33. Rec1 $3 {[%cal Gc6c8,Gb6b7,Gb7b8]} (33. Nxg6
fxg6 34. Rec1 (34. Rb1 Na4 35. b7 Kd7) 34... Kf7 $13) 33... Kd8 34. Rc7 $18)
30... Bxd6 31. Rxc6 Rg4 $11 32. Rxd6 Rxa4 33. Bxg7 Rxb6 34. Rxb6 1/2-1/2

[Event "EU-Cup 13th Group3"]
[Site "Slough"]
[Date "1997.09.24"]
[Round "3"]
[White "Novikov, Igor A"]
[Black "Lalic, Bogdan"]
[Result "1/2-1/2"]
[WhiteElo "2590"]
[BlackElo "2600"]
[Annotator "Huzman,A"]
[PlyCount "60"]
[EventDate "1997.09.22"]
[EventType "team-k.o."]
[EventRounds "3"]
[EventCountry "ENG"]
[SourceTitle "EXT 2020"]
[Source "ChessBase"]
[SourceDate "2019.10.17"]
[SourceVersion "1"]
[SourceVersionDate "2019.10.17"]
[SourceQuality "1"]
[WhiteTeam "Graz Merkur Versicherung"]
[BlackTeam "Slough Chess Club"]
[WhiteTeamCountry "AUT"]
[BlackTeamCountry "ENG"]

1. d4 d5 2. c4 dxc4 3. Nf3 a6 4. e3 e6 5. Bxc4 Nf6 6. O-O c5 7. b3 cxd4 8. Nxd4
Bd6 9. Bb2 O-O 10. Nd2 (10. Be2 Qc7 11. Nf3 e5 12. Ba3 Bxa3 13. Nxa3 Nc6 14.
Qc2 Bg4 15. Rfd1 Rac8 16. Qb2 e4 17. Ne1 Bxe2 18. Qxe2 Ne5 19. h3 Rfd8 20.
Rxd8+ Rxd8 21. Rd1 Nd3 22. Nac2 Nd5 23. Nd4 Nc3 24. Qc2 Nb4 25. Qc1 Rxd4 {
[%emt 0:00:46] 0-1 Nikolic,P-Ivanchuk,V/Moscow PCA-GP rapid 1995/EXP}) 10...
Bd7 11. Be2 Nc6 12. Nc4 Bc5 $1 (12... Bb4 13. Bf3 Rc8 14. Rc1 Qc7 15. a3 Be7
16. b4 Rfd8 17. Na5 Qb6 18. Ndxc6 Bxc6 19. Bd4 Qb5 20. Nxc6 bxc6 21. Be2 Qb7
22. Qa4 $16 {1-0 Wojtkiewicz,A-Hauchard,A/Anibal op4th 1997/CBM 58 (32)}) 13.
Bf3 (13. Nf3 $5 Qe7 14. a3 Rfd8 (14... b5 15. Nce5 Rfd8 16. Qb1 $14) 15. b4 Ba7
16. Qb1 $14 (16. Qd6 $5)) 13... Rc8 14. Rc1 Qe7 $10 15. Nxc6 Bxc6 16. Bxc6 Rxc6
17. Na5 (17. Bxf6 gxf6 (17... Qxf6 18. Na5 Rd6 19. Qe2 $16) 18. Na5 Rc7 19. b4
Bd6 20. a3 Rfc8 $10) 17... Rd6 (17... Rc7 18. Be5 (18. Qf3 $5 $14 {/=}) 18...
Rd7 19. Bxf6 gxf6 $10) 18. Qf3 Bb4 $1 (18... Rd7 19. Rfd1 Rxd1+ 20. Rxd1 Nd5
21. e4 Nb6 22. Nxb7 Qxb7 23. Qc3 Bxf2+ 24. Kxf2 f6 25. Rd6 $36) 19. Bxf6 Qxf6
20. Qxf6 gxf6 21. Nxb7 Rd2 $44 22. Rc4 (22. a4 Rd3 $1 (22... Rb8 23. Rc7 Rb2
24. Rd7 $5 (24. Rd1 Rxb3 25. Kf1 $14)) 23. Nc5 (23. Rc7 Rxb3 24. Rd1 Ra3 $132)
23... Bxc5 24. Rxc5 Rxb3 25. Rc6 Ra8 $10 (25... Rd8 $5 26. Rxa6 Rd2 $44)) 22...
a5 23. a3 (23. Ra1 Rb8 24. Rc7 a4 25. bxa4 Ra8 26. Rc4 Rxa4 27. g3 (27. Rb1
Rdxa2 $14) 27... Rb2 28. Nd6 Ra8 $44) 23... Bxa3 24. Nxa5 Rb8 {White have one
more pawn,but it is very difficult to improve their position.} 25. Rb1 (25. Ra4
Bf8 $44) (25. Rg4+ Kf8 26. Ra4 Bb2 $44) 25... Rb5 26. Rg4+ Kf8 27. Nc4 $2 (27.
Ra4 $142 Be7 $14) 27... Rd3 $1 $10 28. Nxa3 Rbxb3 29. g3 Rxb1+ 30. Nxb1 Rd1+
1/2-1/2

[Event "Sigeman & Co 06th"]
[Site "Malmo"]
[Date "1998.06.17"]
[Round "9"]
[White "Lautier, Joel"]
[Black "Hansen, Curt"]
[Result "1-0"]
[WhiteElo "2645"]
[BlackElo "2595"]
[Annotator "Huzman,A"]
[PlyCount "49"]
[EventDate "1998.06.09"]
[EventType "tourn"]
[EventRounds "9"]
[EventCountry "SWE"]
[EventCategory "13"]
[SourceTitle "CBM 066"]
[Source "ChessBase"]
[SourceDate "1998.09.30"]
[SourceVersion "1"]
[SourceVersionDate "1998.09.30"]
[SourceQuality "1"]

1. d4 d5 2. c4 dxc4 3. e3 Nf6 4. Bxc4 e6 5. Nf3 c5 6. O-O a6 7. Bd3 Nbd7 8. e4
cxd4 9. e5 Nd5 10. Bc4 $146 (10. Be4 Nc5 11. Qxd4 Nxe4 12. Qxe4 b5 13. Qg4 h5
14. Qg3 Bb7 15. Bg5 Qa5 16. Nbd2 Qb4 17. h3 h4 18. Nxh4 f6 $13 {1-0 Lempert,
I-Zakharevich,I/Moscow6 1991 (40)}) 10... Nb4 (10... Bc5 11. a3 (11. Bxd5 exd5
12. Nxd4 Nxe5 13. Re1 Qe7) 11... O-O 12. b4 Bb6 13. Bb2 $14) 11. a3 Nc6 12. Re1
b5 (12... Be7 13. Nbd2 (13. b4 O-O 14. Bb2 Qc7 {[%csl Re5]}) 13... O-O 14. Nb3
Qc7 15. Bf4 Rd8 16. Rc1 $44) (12... Bc5 13. b4 Ba7 14. Bg5 Qc7 15. Nbd2 $44)
13. Bf1 Bb7 14. Nbd2 h6 (14... Qc7 $5 15. Qe2 (15. Nb3 Ndxe5 $17) 15... Be7 16.
Nb3 O-O 17. Bf4 $44) 15. Nb3 Rc8 $6 (15... Qb6 $5 16. Bf4 Rd8 $13) 16. Bf4 Qb6
17. Rc1 Be7 18. Nfxd4 $36 Nxd4 (18... O-O 19. Nf5 (19. Nxc6 Bxc6 20. Qg4 $36)
19... exf5 20. Qxd7 $16) 19. Rxc8+ Bxc8 20. Qxd4 $1 (20. Nxd4 O-O $11) 20...
Qxd4 (20... O-O 21. Rc1 Qb7 22. Be2 $16) 21. Nxd4 Bg5 $2 (21... Bb7 22. Rc1 (
22. Nxb5 axb5 23. Bxb5 Kd8) (22. Rd1 Nb6) 22... Bc5 23. Nb3 (23. Nxb5 $2 axb5
24. Bxb5 Bb6 25. Be3 Bxe3 26. Rc7 Ba6 $1 $17 27. Bxa6 Bb6 28. Rb7 (28. Rc8+ Bd8
29. Bb5 Ke7 30. a4 Nxe5 31. a5 Rf8 32. b4 $13) 28... Kd8 (28... Ke7 29. Bb5 Rd8
30. a4 $1 Bd4 31. a5 Bxe5 32. a6 Bd4 33. a7 $14) 29. Bb5 Bc7) (23. Be3 Ke7)
23... Bb6 24. Bd2 O-O (24... Nxe5 25. Ba5 $16) 25. Ba5 Bxa5 26. Nxa5 Bd5 27. f4
$14) 22. Rc1 O-O 23. Bxg5 hxg5 24. Nc6 $18 Re8 25. Na7 1-0

[Event "NED-ch53"]
[Site "Rotterdam"]
[Date "1998.07.02"]
[Round "10"]
[White "Piket, Jeroen"]
[Black "Van der Sterren, Paul"]
[Result "1-0"]
[WhiteElo "2575"]
[BlackElo "2550"]
[Annotator "Huzman,A"]
[PlyCount "51"]
[EventDate "1998.06.21"]
[EventType "tourn"]
[EventRounds "11"]
[EventCountry "NED"]
[EventCategory "12"]
[SourceTitle "CBM 066"]
[Source "ChessBase"]
[SourceDate "1998.09.30"]
[SourceVersion "1"]
[SourceVersionDate "1998.09.30"]
[SourceQuality "1"]

1. d4 d5 2. c4 dxc4 3. Nf3 e6 4. e3 a6 5. Bxc4 Nf6 6. O-O c5 7. Bd3 Nbd7 8. Re1
Qc7 9. e4 cxd4 10. e5 Nd5 (10... Ng4 11. Bf4 {[%csl Rg4]}) 11. Be4 Ne7 (11...
Bb4 12. Bd2 (12. Nbd2 $5) 12... Bc5 13. Na3 $32) 12. Nxd4 (12. Qxd4 Ng6 $1 (
12... Nc6 13. Bxc6 $5 (13. Qc4 $14) 13... Qxc6 14. Nc3 $32 {[%cal Gd4g4,Gg4g7]}
) 13. Bxg6 (13. Bd3 b5 $132 {[%cal Yf8c5,Yc8b7]}) 13... hxg6 14. Nc3 Bc5 15.
Qf4 $36 {[%cal Gc3e4]}) 12... Ng6 (12... Nxe5 $2 13. Bf4 f6 14. Nd2 $44) 13. f4
(13. Nxe6 $5 fxe6 14. Qh5 Ndxe5 15. Bf4 Nf3+ $1 16. gxf3 Qxf4 $1 (16... Qf7 17.
Bg3 Be7 (17... Bb4 18. Rc1 $40 {[%cal Gc1c7]}) 18. Nd2 O-O 19. Nc4 $16 {
[%cal Gc4b6,Gc4e5]}) 17. Bxg6+ Kd8 18. Nc3 Bd6 19. Rad1 Kc7 $132) 13... Nc5 (
13... Bc5 14. Be3 O-O (14... Qb6 15. Nc3 Qxb2 16. Na4 Qa3 17. Nxc5 Nxc5 18. Nc6
$1 Nd7 (18... O-O $140 19. Qd6 $16) 19. Na7 $1 $44) 15. Nc3 Rd8 16. Rc1 $36 {
[%csl Rc8][%cal Gc1c7]}) 14. Bf3 Nh4 15. Nc3 Be7 16. Be3 O-O 17. Bf2 Rd8 18.
Rc1 Qb6 (18... Nxf3+ 19. Qxf3 Qb8 20. f5 $36) 19. Qe2 {[%cal Gd4b3,Gb3c5,Gf2b6]
} Nxf3+ 20. Qxf3 $1 (20. Nxf3 Qb4 $1 $132) 20... Qxb2 $2 (20... Qb4 21. a3 Qxb2
22. Rb1 Qxa3 23. Nd5 Qxf3 24. Nxe7+ Kf8 25. Nxf3 Nd3 26. Nxc8 Raxc8 27. Red1
$16) (20... Bd7 $8 21. Rc2 (21. f5 $5 $36) (21. Nb3 Qb4 $11) 21... Rac8 22.
Rec1 $14) 21. Rb1 Qa3 {[%tqu "En","How can the white use the undefending
position of the black's queen?","","","c3d5","",10]} 22. Nd5 $1 Qxf3 (22... Na4
23. Rb3 (23. Qxa3 Bxa3 24. Nc7 Rb8 25. Nc6 $16) 23... Qc5 24. Nf5 exd5 (24...
Rxd5 25. Bxc5 Bxc5+ 26. Ne3 $16 {/+-}) 25. Bxc5 Bxc5+ 26. Ne3 $16 {/+-}) 23.
Nxe7+ Kf8 24. Nxf3 $1 $18 Nd3 25. Nxc8 Nxe1 26. Bc5+ 1-0